Liedtext - Das Model - Kraftwerk - Statistiken

Allgemein
  • Dieses Quiz wurde 337 mal gespielt
  • Das Durchschnittsergebnis liegt bei 62 aus 95
Antwortstatistiken
Textquiz % Korrekt
Sie
100%
sie
100%
sie
100%
Sie
100%
sie
100%
sie
100%
sie
100%
Sie
100%
Sie
100%
Sie
100%
sie
100%
sie
100%
Model
99%
aus
98%
aus
98%
gut
98%
gut
98%
ist
98%
ist
98%
sieht
98%
sieht
98%
ein
97%
und
97%
Und
97%
und
97%
Und
97%
Ich
82%
Ich
82%
ich
82%
mit
80%
Haus
79%
nach
79%
zu
78%
da
77%
mir
77%
nähm
73%
gerne
70%
heut
69%
das
67%
an
66%
der
64%
hat
63%
Im
62%
kann
58%
was
57%
ihr
56%
Ihr
56%
Korrekt
55%
Sekt
54%
wird
54%
wird
54%
so
53%
alle
52%
für
51%
immer
51%
in
51%
kommt
51%
trinkt
51%
sich
50%
von
50%
Doch
48%
Männer
48%
zeigt
48%
zur
48%
vor
47%
niemand
46%
ran
46%
Augen
44%
bezahlt
44%
Kamera
44%
Konsumprodukt
44%
Schau
44%
seh'n
44%
wieder
44%
Schönheit
43%
stellt
43%
abgecheckt
42%
Millionen
42%
angeguckt
41%
muß
41%
hier
40%
strahlt
40%
kühl
39%
Lächeln
39%
Scheinwerferlicht
38%
wirkt
38%
geschafft
37%
fabelhaft
36%
hat's
36%
weiß
36%
einfach
35%
Nachtclubs
35%
junges
34%
neues
34%
Titelbild
31%
Keine übereinstimmenden Quizze gefunden
Verteilung der Resultate
Anzahl Personen mit jedem Resultat
Perzentil nach korrekt beantworteten Fragen
Ihre Resultats-Entwicklung
Sie haben dieses Quiz noch nicht gespielt